000 00687nam a2200217Ia 4500
008 191130s2009##################000#0#eng##
020 _a9780736073943
022 _a2008026084
040 _aACL
_cACL
082 _a790.1 HOR
100 _aHorowitz, Gayle L
245 _aInternational games : building skills through multicultural play
_cGayle L. Horowitz
260 _aChampaign, IL
_bHuman Kinetics
_c2009
300 _ax, 117 p. : ill. ; 23 cm
500 _aIncludes bibliographical references (p. 115-116)
650 _aGames
650 _aMulticultural education - Activity programs
990 _ac0535080ac10000c693326fca90729ad
991 _a356309
999 _c217906
_d217906